000 00553nam a2200169 4500
001 120459
003 ES-MaACL
005 20230906191545.0
007 t|
008 070214s1968 sp r ||||1| spa d
100 1 _aPitchford, J. D.
_992410
245 1 0 _aInflación de coste e inflación de demanda /
_cpor J. D. Pitchford ; traducción de Valentín Fábrega Forradellas.
260 _aBarcelona :
_bGustavo Gili,
_c1968.
300 _a265 p. ;
_c22 cm.
700 1 _aFábrega Forradellas, Valentín.
_948549
852 _aES-MaACL
_jC-35191
_bR.68004
999 _c120459
_d120459